Normal view
MARC view
- Archer, Jeffrey,
Entry Personal Name
001 - CONTROL NUMBER
- control field: 14121
003 - CONTROL NUMBER IDENTIFIER
- control field: NUST
005 - DATE AND TIME OF LATEST TRANSACTION
- control field: 20190418045902.0
008 - FIXED-LENGTH DATA ELEMENTS
- fixed length control field: 190418|| aca||aabn | a|a d
040 ## - CATALOGING SOURCE
- Original cataloging agency: NUST
- Transcribing agency: NUST
100 ## - HEADING--PERSONAL NAME
- Personal name: Archer, Jeffrey,
- Dates associated with a name: 1940-
- General subdivision: Imprisonment.
670 ## - SOURCE DATA FOUND
- Source citation: Work cat.: (NUST)232867: Archer, Jeffrey, 1940- 11436, A prison diary /, 2004.
